00772nam a2200253 a 4500001000200000003000400002005001700006008003900023020001900062040002800081082002000109100003400129245006800163250001300231260003500244300002700279490001000306500006500316586004900381650003700430650003600467700000600503830000900509 OSt20201007154221.0140626s2014 dr a 000 0 spa d a97899993484547 aDO-SdBNPbspacDO-SdBNP a RD863.5bM828n1 aMorales Herrero, Tony,d1973-14aEl niño inventor y la bruja Marleny /cTony Morales Herrero  a2a. ed.  aSanto Domingo :bBango, c2014 a67 p. :bil. ;c22 cm.1 a v14 aIncluye datos biográficos del autor en la contracubierta  aPremio Nacional de Literatura Infantil, 2009 72Cuentos infantiles dominicanos  7aLiteratura infantil dominicana 12e  0a n